000 00659nam a2200217 u 4500
005 20240314063654.0
008 171013s2007 ea r 000 0 spa d
020 _a140427202X
035 _aUPN01000220951
049 _aI
050 4 _aPZ8.7
_bD6.2
100 1 _aDowney, Tika
_942030
245 1 3 _aLa bola de nieve /
_cTika Downey ; tr. MarĂ­a Cristina Brusca.
260 _aNew York :
_bRosen Classroom Books & Materials,
_c2007.
300 _a16 p. :
_bil. col.
440 0 _aLecturas del barrio.
_pHumor
650 4 _aCuentos infantiles estadounidenses
_910762
650 4 _aCUENTOS HUMORISTICOS
_911283
905 _aInfantil
999 _c193050
_d193050